Регионална библиотека "Любен Каравелов" - Русе

По-тъмен (Запис номер 206207)

MARC детайли
000 -Лидер
Контролно поле с фиксирана дължина 01454nam a2200397 a 4500
003 - Код на организацията, давaща контролен номер
Контролно поле BLK
005 - Дата и час на последна редакция
Контролно поле 20250517161520.0
008 - Елементи от данни с фиксирана дължина
fixed length control field 180411b bul|||||r ||||||| ||bul||
010 ## - Наследен системен номер
LC control number KNG00215956000
020 ## - Международен стандартен номер на книга ISBN
Международен стандартен номер на книга ISBN 978-954-655-817-6
040 ## - Източник на каталожния запис
Идентификатор на билиотеката - собственик на записа BLK
041 ## - Код за език
Код за езика на текст/звукозапис или на отделно заглавие Български
Код за езика КДБФ Български
072 ## - Код за тематичната категория
9 (RLIN) 178275
Код за тематична категория Н83
Текст Чужда художествена литература Н
080 ## - УДК
Текстов определител УДК Английска литература
УДК код - определител по УДК 821.111
УДК определител -31
УДК - код + определител 821.111-31
100 1# - Редна дума - Автор
Автор Джеймс, Е. Л.
Авторска отговорност първи автор
R(LIN) 324309
139 ## - Редно поле
Редна дума Джеймс, Е. Л.
Авторски знак Дже - Д 50
245 10 - Сведения за заглавието
Заглавие По-тъмен
Редно поле (дума) Е. Л. Джеймс ; прев. Цветана Генчева.
Подзаглавни данни роман
257 ## - Страна на издаване
Страна на създаване/издаване Великобритания
260 ## - Област на издателските данни
Година на издаване 2018
9 (RLIN) 209457
Място на издаване, разпространение и проч. София
Име на издателя, разпространителя и проч. Бард
Печатница София : Алианс принт
300 ## - Физическа характеристика
Страници 544 с.
Размери/Мащаб 21 см
380 ## - Жанр
Жанр Худож. лит.
500 ## - Общи забележки
Забележка Ориг. загл. Darker / E. L. James. - Е. Л. Джеймс - псевд. на Erika Leonard.
659 #7 - Тематичен бюлетин
9 (RLIN) 178160
Тематичен бюлетин Н
Тематичен бюлетин - текст Нови книги
700 ## - Други автори (авторска отговорност)
9 (RLIN) 1311
Лично име Тотоманов, Иван
Автороска отговорност (Описва отношението между автора и произведението) ред.
765 ## - Описание на заглавието на оригиналният език
Редна дума на основното описание Darker
Поясняваща информация James, E. L.
852 ## - Местоположение
Форматна сигнатура Цб 292695
856 4# - Електронен адрес и достъп
Електронен формат pdf - файл
856 4# - Електронен адрес и достъп
Електронен формат pdf - файл
999 ## - СИСТЕМНИ КОНТРОЛНИ НОМЕРА
Koha biblionumber 206207
Koha biblioitemnumber 206207
942 ## - АРТИКУЛИ
Вид на библиотечния материал Книги
Скрит в OPAC Не
Koha issues (borrowed), all copies 46
944 ## - СЪЗДАВАНЕ И РЕДАКЦИЯ на ЗАПИСА
Създаване/Редакция Създаване
Дата на регистрацията/редакция 11.02.2018
Служител, извършил регистрацията/редакцията 30542
Статус, дата на статуса Русанова Ирена
944 ## - СЪЗДАВАНЕ И РЕДАКЦИЯ на ЗАПИСА
Създаване/Редакция Редакция
Дата на регистрацията/редакция 20.02.2018
Служител, извършил регистрацията/редакцията Виолета_Тройчева
944 ## - СЪЗДАВАНЕ И РЕДАКЦИЯ на ЗАПИСА
Създаване/Редакция Редакция
Дата на регистрацията/редакция 2018-12-18
Служител, извършил регистрацията/редакцията Кристиан Велковски
999 ## - СИСТЕМНИ КОНТРОЛНИ НОМЕРА
Koha biblioitemnumber 206207
999 ## - СИСТЕМНИ КОНТРОЛНИ НОМЕРА
Koha biblioitemnumber 206207
999 ## - СИСТЕМНИ КОНТРОЛНИ НОМЕРА
Koha biblioitemnumber 206207
Наличности
Код за отписване Код за изгубен артикул Източник на класификационната схема Код за повреда Коз за рестрикции Код за отдаване Артикулен № Име на библиотеката - собственик Име на библиотеката, в която се намира в момента Статус (Текущо местоположение) Дата на вписване в системата Местоположение - отдел Цена в лева Инвентарен номер Систематично азбучна сигнатура Баркод Номер на екземпляра Цена в евро Служебна бележка Служебен тип на артикула
  Не е изгубен Universal Decimal Classification Не е повреден без рестрикции заемане за дома 354601 Регионална библиотека "Любен Каравелов" Русе Регионална библиотека "Любен Каравелов" Русе Заемна - подръчен фонд 2018-02-08 Заемна - подръчен фонд 13.50 120000819733 П 820-31/Д 50 120000819733 1 6.90 Дост: Pk Вид: Ф N: 939 Дата: 07.02.2018 Дата инв: 28.02.2018 Бележки инв: П2018 Книги
  Не е изгубен Universal Decimal Classification Не е повреден без рестрикции заемане за дома 354602 Регионална библиотека "Любен Каравелов" Русе Регионална библиотека "Любен Каравелов" Русе Заемна - подръчен фонд 2018-02-08 Заемна - подръчен фонд 13.50 120000819734 П 820-31/Д 50 120000819734 2 6.90 Дост: Pk Вид: Ф N: 939 Дата: 07.02.2018 Дата инв: 28.02.2018 Бележки инв: П2018 Книги
  Не е изгубен Universal Decimal Classification Не е повреден без рестрикции ползва се в читалня 687416 Регионална библиотека "Любен Каравелов" Русе Регионална библиотека "Любен Каравелов" Русе Хранилище 2018-12-19 Хранилище 17.99   Цб 292695 120000827845   9.20   Книги
Vip Innovations Ltd, Rousse, Bulgaria 2025